| 000 | 00698nam a2200265Ia 4500 | ||
|---|---|---|---|
| 003 | OSt | ||
| 005 | 20220918212156.0 | ||
| 006 | a|||||r|||| 00| 0 | ||
| 007 | ta | ||
| 008 | 220917b |||||||| |||| 00| 0 eng d | ||
| 024 | _a127,630 | ||
| 037 | _cTextual | ||
| 040 |
_aARTS _cARTS _beng |
||
| 041 |
_2eng _aeng |
||
| 082 | _aX.5, J3;L8 | ||
| 100 |
_aLuck David J _9122825 |
||
| 245 | 0 | _aMarketing research | |
| 250 | _a5th | ||
| 260 |
_aEnglewood _bCliffs Prentice Hall _c1978 |
||
| 300 |
_axv, 522p. _ccm. |
||
| 500 | _aAppendix p495-502 (A-E); Bibliography p503-508 | ||
| 650 | _aECONOMICS | ||
| 942 |
_hX.5, J3;L8 _cTEXL _2CC |
||
| 999 |
_c250772 _d250772 |
||